Statistiques concernant Citation Marvel

Cliquez ici pour prendre le quiz!

Statistiques générales

  • Ce quiz a été pris 91 fois
  • Le résultat moyen est 7 sur 13

Statistiques - réponses

CitationsPersonnages% Correct
“Le vrai héros se trouve dans le cœur de chaque personne.”Iron Man
98%
“Nous devons tous nous battre pour ce que nous croyons être juste.”Captain America
93%
"Tu ne seras jamais un dieu !"Loki
73%
“Je ne suis pas un héros. Je suis juste un homme qui essaie de faire ce qui est juste.”Spiderman
70%
“La force ne vient pas de la taille, mais de l’esprit.”Ant-Man
57%
"J'ai developpé l'aptitude si incroyablement immobile que j'en deviens pratiquement invisible"Drax
57%
"Je t'aime plus que trois fois mille"Morgan Stark
49%
"Les humains sont étranges. Ils pensent que l'ordre et le chaos sont des principes opposés et ils veulent contrôler ce qui ne peut pas l'être"Vision
49%
"Comment sauver l'humanité si elle n'est pas autorisée à évoluer"Ultron
44%
“La bravoure n’est pas toujours criée. Elle est souvent silencieuse.”Black Widow
42%
"C'est une pratique courante le balai dans le cul ? Ça doit être douloureux !"Gamora
38%
“La vie n’est pas une question de chance, mais de choix.”Doctor Strange
32%
"Mais aucune chose n'est magnifique parce qu'elle est eternelle"Jarvis
1%

Distribution des résultats

Percentile par nombre de réponses

% des personnes avec chaque résultat

Votre développement - résultats

Vous n’avez pas pris ce quiz